| 000 | 00598cam a2200229ua 4500 | ||
|---|---|---|---|
| 020 | _c650 | ||
| 041 |
_aeng _h |
||
| 082 |
_a372.357 _bDES/EN |
||
| 100 | _aDesh, Bandhu. | ||
| 245 | 0 | 0 |
_aEnvironmental Education For Sustainable Development / _cBrij Gopal. _hTextual Documents |
| 250 |
_a1 / _b. |
||
| 260 |
_aNew Delhi : _bIndian Enviroumental Society , _c1994. |
||
| 300 | _a526 ; . | ||
| 365 | _a650 | ||
| 500 | _a*CSS | ||
| 504 | _a | ||
| 700 | 1 | _aBongartz, Heinz . | |
| 700 | 1 | _aBrij , Gopal . | |
| 700 | 1 | _aChaznawi , Abdul Ghafoor . | |
| 942 | _cBK | ||
| 999 |
_c3398 _d3398 |
||